<?xml version="1.0" encoding="UTF-8"?><?xml-stylesheet type="text/xsl" href="static/style.xsl"?><OAI-PMH xmlns="http://www.openarchives.org/OAI/2.0/" xmlns:xsi="http://www.w3.org/2001/XMLSchema-instance" xsi:schemaLocation="http://www.openarchives.org/OAI/2.0/ http://www.openarchives.org/OAI/2.0/OAI-PMH.xsd"><responseDate>2026-04-29T08:21:07Z</responseDate><request verb="GetRecord" identifier="oai:riubu.ubu.es:10259/7869" metadataPrefix="marc">https://riubu.ubu.es/oai/request</request><GetRecord><record><header><identifier>oai:riubu.ubu.es:10259/7869</identifier><datestamp>2023-10-17T00:05:24Z</datestamp><setSpec>com_10259_4734</setSpec><setSpec>com_10259_5086</setSpec><setSpec>com_10259_2604</setSpec><setSpec>col_10259_4735</setSpec></header><metadata><record xmlns="http://www.loc.gov/MARC21/slim" xmlns:doc="http://www.lyncode.com/xoai" xmlns:xsi="http://www.w3.org/2001/XMLSchema-instance" xmlns:dcterms="http://purl.org/dc/terms/" xsi:schemaLocation="http://www.loc.gov/MARC21/slim http://www.loc.gov/standards/marcxml/schema/MARC21slim.xsd">
<leader>00925njm 22002777a 4500</leader>
<datafield tag="042" ind1=" " ind2=" ">
<subfield code="a">dc</subfield>
</datafield>
<datafield tag="720" ind1=" " ind2=" ">
<subfield code="a">Carmona Serrano, Noemí</subfield>
<subfield code="e">author</subfield>
</datafield>
<datafield tag="720" ind1=" " ind2=" ">
<subfield code="a">López Belmonte, Jesús</subfield>
<subfield code="e">author</subfield>
</datafield>
<datafield tag="720" ind1=" " ind2=" ">
<subfield code="a">Cuesta Gómez, José Luis</subfield>
<subfield code="e">author</subfield>
</datafield>
<datafield tag="720" ind1=" " ind2=" ">
<subfield code="a">Moreno Guerrero, Antonio José</subfield>
<subfield code="e">author</subfield>
</datafield>
<datafield tag="260" ind1=" " ind2=" ">
<subfield code="c">2020-12</subfield>
</datafield>
<datafield tag="520" ind1=" " ind2=" ">
<subfield code="a">The objective of the study is to track the progression of the scientific literature on autism and&#xd;
the technology applied to this disorder. A bibliometric methodology has been used, based on a co-word&#xd;
analysis. The Web of Science database was chosen to perform the analysis of the literature. A unit&#xd;
of analysis of 1048 publications was configured. SciMAT software was used mainly for document&#xd;
analysis. The results indicate that the first studies appeared in 1992, but it was not until 2009 that the&#xd;
research volume increased considerably. The area of knowledge where these studies were compiled&#xd;
was rehabilitation, which marks the truly therapeutic nature of this type of study. One of the authors&#xd;
with the most studies, as well as the most relevant research, was Sarkar, N. Manuscripts were usually&#xd;
research articles written in English. It could be concluded that research in this field of study focused&#xd;
mainly on interventions carried out through the use of technological resources, with students or young&#xd;
people who present with ASD. This line of research, although not the only one, was the most relevant&#xd;
and the one that had aroused the most interest among the scientific community.</subfield>
</datafield>
<datafield tag="024" ind2=" " ind1="8">
<subfield code="a">http://hdl.handle.net/10259/7869</subfield>
</datafield>
<datafield tag="024" ind2=" " ind1="8">
<subfield code="a">10.3390/brainsci10120985</subfield>
</datafield>
<datafield tag="024" ind2=" " ind1="8">
<subfield code="a">2076-3425</subfield>
</datafield>
<datafield ind1=" " ind2=" " tag="653">
<subfield code="a">Autism</subfield>
</datafield>
<datafield ind1=" " ind2=" " tag="653">
<subfield code="a">ASD</subfield>
</datafield>
<datafield ind1=" " ind2=" " tag="653">
<subfield code="a">ICT</subfield>
</datafield>
<datafield ind1=" " ind2=" " tag="653">
<subfield code="a">Technology</subfield>
</datafield>
<datafield ind1=" " ind2=" " tag="653">
<subfield code="a">Bibliometric analysis</subfield>
</datafield>
<datafield ind1=" " ind2=" " tag="653">
<subfield code="a">Scientific mapping</subfield>
</datafield>
<datafield ind1=" " ind2=" " tag="653">
<subfield code="a">SciMAT</subfield>
</datafield>
<datafield ind1=" " ind2=" " tag="653">
<subfield code="a">Web of science</subfield>
</datafield>
<datafield tag="245" ind1="0" ind2="0">
<subfield code="a">Documentary Analysis of the Scientific Literature on Autism and Technology in Web of Science</subfield>
</datafield>
</record></metadata></record></GetRecord></OAI-PMH>